000 00487nam a2200157Ia 4500
003 GCL
008 140319s9999 xx 000 0 ara d
040 _aGCL /
_cGCL
082 0 4 _aط
_b813.02
_bهـ ا
100 1 _aهيئة الاغاثة الاسلامية العالمي
245 1 0 _aحزمة الجزر /
_cهيئة الاغاثة الاسلامية العالمي
490 _aاطفالنا
_v0
650 0 4 _aالاطفال
650 0 4 _aقصص الاطفال
942 _2ddc
_cBK
999 _c49414
_d49414